000 00599nam a2200193 i 4500
001 65137
003 ES-MaACL
005 20230906165315.0
007 t|
008 040109m19391940gw ||||1| ger d
100 1 _aFranz, Gunther.
_952357
245 1 0 _aDeutsches bauerntum /
_cbearbeitet von Günther Franz.
260 _aWeimar :
_bHermann Böhlaus Nachf,
_c1939-40.
300 _a2 v. ;
_c25 cm.
490 1 _aGermaneurechte neue folge-albtulung bauern
830 0 _aGermaneurechte neue folge-albtulung bauern
_9230739
852 _aES-MaACL
_jF-16193-94
_bR.19169
999 _c65137
_d65137